000 00511nam a2200157Ia 4500
008 151213s9999 xx 000 0 und d
100 _aবুদ্ভদেব বসও
245 _aশ্রেষ্ঠ কবিতা
_cবুদ্ভদেব বসও
250 _a১ম সং
260 _aঊঢাকা
_bনির্মলেন্দু পাল
_c2003
300 _a8328 p.
650 _aBangla
650 _aকবিতা
700 _aবুদ্ভদেব বসও
999 _c4170
_d4170